| Tag |
First Indicator |
Second Indicator |
Subfields |
| LEADER |
00000cas a2200000 4500 |
| 001 |
in00000736739 |
| 005 |
20151016081751.0 |
| 008 |
751012c19659999nyusr1p 0 a0eng d |
| 010 |
|
|
|a 68007124
|
| 019 |
|
|
|a 02450743
|a 02447925
|a 02267982
|
| 022 |
0 |
|
|a 0021-3640
|
| 030 |
|
|
|a JTPLA2
|
| 032 |
|
|
|a 274840
|b USPS
|
| 035 |
|
|
|a (OCoLC)01696920
|
| 035 |
|
|
|9 ADG5571AM
|
| 040 |
|
|
|a MUL
|c MUL
|d NSD
|d OCL
|d IUL
|d AIP
|d OCL
|d CRL
|d NSD
|d NST
|d IUL
|d OCL
|d NST
|d IUL
|d HLS
|d UtOrBLW
|
| 041 |
1 |
|
|a eng
|h rus
|
| 042 |
|
|
|a nsdp
|
| 049 |
|
|
|a TXAM
|
| 050 |
|
4 |
|a QC1
|b .J413
|
| 210 |
0 |
|
|a JETP lett.
|
| 222 |
|
0 |
|a JETP letters
|
| 245 |
0 |
0 |
|a JETP letters.
|
| 246 |
2 |
|
|a Journal of theoretical and experimental physics letters
|
| 246 |
1 |
5 |
|a Soviet Physics. JETP. Letters to the editor
|f v. 1, no. 1
|
| 264 |
|
1 |
|a [New York] :
|b American Institute of Physics.
|
| 300 |
|
|
|a volumes ;
|c 23 cm.
|
| 310 |
|
|
|a Semimonthly
|
| 336 |
|
|
|a text
|b txt
|2 rdacontent
|
| 337 |
|
|
|a unmediated
|b n
|2 rdamedia
|
| 338 |
|
|
|a volume
|b nc
|2 rdacarrier
|
| 362 |
0 |
|
|a v. 1- Apr. 1, 1965-
|
| 510 |
1 |
|
|a Computer & control abstracts
|x 0036-8113
|b 1968-
|
| 510 |
1 |
|
|a Electrical & electronics abstracts
|x 0036-8105
|b 1968-
|
| 510 |
1 |
|
|a Physics abstracts. Science abstracts. Series A
|x 0036-8091
|b 1968-
|
| 510 |
1 |
|
|a SPIN
|b 1970-
|
| 510 |
2 |
|
|a Energy research abstracts
|x 0160-3604
|
| 510 |
2 |
|
|a International aerospace abstracts
|x 0020-5842
|
| 510 |
2 |
|
|a Mathematical reviews
|x 0025-5629
|b 1987-
|
| 510 |
2 |
|
|a Metals abstracts
|x 0026-0924
|
| 510 |
2 |
|
|a World aluminum abstracts
|x 0002-6697
|
| 510 |
0 |
|
|a Chemical abstracts
|x 0009-2258
|
| 510 |
0 |
|
|a Nuclear science abstracts
|x 0029-5612
|
| 530 |
|
|
|a Also available in an online version.
|
| 555 |
|
|
|a Vols. 11-12, 1970, in v. 12.
|
| 650 |
|
0 |
|a Physics
|v Periodicals.
|
| 710 |
2 |
|
|a American Institute of Physics.
|
| 765 |
0 |
|
|t ZhgETF. Pis'ma v redakktlsikilu
|g 1965-1968
|w (DLC)sn 89020673
|w (OCoLC)1770623
|
| 765 |
0 |
|
|t Pis'ma v Zhurnal geksperimental'nofi i teoreticheskofi fiziki
|g 1969-
|x 0370-274X
|w (DLC)sn 89020671
|w (OCoLC)5472018
|
| 776 |
1 |
|
|t JETP letters online
|x 1090-6487
|w (DLC)sn 96004529
|w (OCoLC)35392769
|
| 948 |
|
|
|a MFHD URL added
|b h
|c 2002/8/29
|d c
|e bsurratt
|f 1:11:47 pm
|
| 999 |
|
|
|a MARS
|
| 999 |
f |
f |
|s 84eb4b49-07f8-3217-b2ae-21f7e8155a7a
|i e20a04df-6a80-30f5-91b3-5568b28eb8f3
|t 0
|
| 952 |
f |
f |
|p ric
|a Texas A&M University
|b Rellis Campus
|c Joint Library Facility
|d Remote Storage
|t 0
|e QC1 .J413
|h Library of Congress classification
|i unmediated -- volume
|k v.83:no.9-12
|l 2006:May10-June 25
|m A14835085985
|
| 952 |
f |
f |
|p ric
|a Texas A&M University
|b Rellis Campus
|c Joint Library Facility
|d Remote Storage
|t 0
|e QC1 .J413
|h Library of Congress classification
|i unmediated -- volume
|k v.31:no.7-12
|l 1980
|m A14809952853
|
| 952 |
f |
f |
|p ric
|a Texas A&M University
|b Rellis Campus
|c Joint Library Facility
|d Remote Storage
|t 0
|e QC1 .J413
|h Library of Congress classification
|i unmediated -- volume
|k v.64:no.1-6
|l 1996
|m A14820734773
|
| 952 |
f |
f |
|p ric
|a Texas A&M University
|b Rellis Campus
|c Joint Library Facility
|d Remote Storage
|t 0
|e QC1 .J413
|h Library of Congress classification
|i unmediated -- volume
|k v.12
|l 1970
|m A14809952633
|
| 952 |
f |
f |
|p ric
|a Texas A&M University
|b Rellis Campus
|c Joint Library Facility
|d Remote Storage
|t 0
|e QC1 .J413
|h Library of Congress classification
|i unmediated -- volume
|k v.50:no.7-12
|l 1989
|m A14812896163
|
| 952 |
f |
f |
|p ric
|a Texas A&M University
|b Rellis Campus
|c Joint Library Facility
|d Remote Storage
|t 0
|e QC1 .J413
|h Library of Congress classification
|i unmediated -- volume
|k v.60:no.7-12
|l 1994
|m A14818849198
|
| 952 |
f |
f |
|p ric
|a Texas A&M University
|b Rellis Campus
|c Joint Library Facility
|d Remote Storage
|t 0
|e QC1 .J413
|h Library of Congress classification
|i unmediated -- volume
|k v.39:no.1-6
|l 1984
|m A14809953003
|
| 952 |
f |
f |
|p ric
|a Texas A&M University
|b Rellis Campus
|c Joint Library Facility
|d Remote Storage
|t 0
|e QC1 .J413
|h Library of Congress classification
|i unmediated -- volume
|k v.54:no.7-12
|l 1991
|m A14815663933
|
| 952 |
f |
f |
|p ric
|a Texas A&M University
|b Rellis Campus
|c Joint Library Facility
|d Remote Storage
|t 0
|e QC1 .J413
|h Library of Congress classification
|i unmediated -- volume
|k v.48:no.1-6
|l 1988
|m A14811840711
|
| 952 |
f |
f |
|p ric
|a Texas A&M University
|b Rellis Campus
|c Joint Library Facility
|d Remote Storage
|t 0
|e QC1 .J413
|h Library of Congress classification
|i unmediated -- volume
|k v.8
|l 1968
|m A14809952594
|
| 952 |
f |
f |
|p ric
|a Texas A&M University
|b Rellis Campus
|c Joint Library Facility
|d Remote Storage
|t 0
|e QC1 .J413
|h Library of Congress classification
|i unmediated -- volume
|k v.87:no.7-9
|l 2008:April-10-May 10
|m A14834736787
|
| 952 |
f |
f |
|p ric
|a Texas A&M University
|b Rellis Campus
|c Joint Library Facility
|d Remote Storage
|t 0
|e QC1 .J413
|h Library of Congress classification
|i unmediated -- volume
|k v.38:no.1-6
|l 1983
|m A14809952984
|
| 952 |
f |
f |
|p ric
|a Texas A&M University
|b Rellis Campus
|c Joint Library Facility
|d Remote Storage
|t 0
|e QC1 .J413
|h Library of Congress classification
|i unmediated -- volume
|k v.66:no.1-6
|l 1997
|m A14822043851
|
| 952 |
f |
f |
|p ric
|a Texas A&M University
|b Rellis Campus
|c Joint Library Facility
|d Remote Storage
|t 0
|e QC1 .J413
|h Library of Congress classification
|i unmediated -- volume
|k v.30:no.1-6
|l 1979
|m A14809952829
|
| 952 |
f |
f |
|p ric
|a Texas A&M University
|b Rellis Campus
|c Joint Library Facility
|d Remote Storage
|t 0
|e QC1 .J413
|h Library of Congress classification
|i unmediated -- volume
|k v.80:no.7-12
|l 2004:Oct.10-Dec.25
|m A14833711459
|
| 952 |
f |
f |
|p ric
|a Texas A&M University
|b Rellis Campus
|c Joint Library Facility
|d Remote Storage
|t 0
|e QC1 .J413
|h Library of Congress classification
|i unmediated -- volume
|k v.51:no.1-6
|l 1990
|m A14812929982
|
| 952 |
f |
f |
|p ric
|a Texas A&M University
|b Rellis Campus
|c Joint Library Facility
|d Remote Storage
|t 0
|e QC1 .J413
|h Library of Congress classification
|i unmediated -- volume
|k v.46:no.7-12
|l 1987
|m A14811641955
|
| 952 |
f |
f |
|p ric
|a Texas A&M University
|b Rellis Campus
|c Joint Library Facility
|d Remote Storage
|t 0
|e QC1 .J413
|h Library of Congress classification
|i unmediated -- volume
|k v.49:no.7-12
|l 1989
|m A14812089790
|
| 952 |
f |
f |
|p ric
|a Texas A&M University
|b Rellis Campus
|c Joint Library Facility
|d Remote Storage
|t 0
|e QC1 .J413
|h Library of Congress classification
|i unmediated -- volume
|k v.6
|l 1967
|m A14809952578
|
| 952 |
f |
f |
|p ric
|a Texas A&M University
|b Rellis Campus
|c Joint Library Facility
|d Remote Storage
|t 0
|e QC1 .J413
|h Library of Congress classification
|i unmediated -- volume
|k v.62:no.7-12
|l 1995
|m A14819986383
|
| 952 |
f |
f |
|p ric
|a Texas A&M University
|b Rellis Campus
|c Joint Library Facility
|d Remote Storage
|t 0
|e QC1 .J413
|h Library of Congress classification
|i unmediated -- volume
|k v.44:no.7-12
|l 1986
|m A14813891700
|
| 952 |
f |
f |
|p ric
|a Texas A&M University
|b Rellis Campus
|c Joint Library Facility
|d Remote Storage
|t 0
|e QC1 .J413
|h Library of Congress classification
|i unmediated -- volume
|k v.86:no.1-2
|l 2007:July 10-25
|m A14836980641
|
| 952 |
f |
f |
|p ric
|a Texas A&M University
|b Rellis Campus
|c Joint Library Facility
|d Remote Storage
|t 0
|e QC1 .J413
|h Library of Congress classification
|i unmediated -- volume
|k v.25
|l 1977
|m A14809952764
|
| 952 |
f |
f |
|p ric
|a Texas A&M University
|b Rellis Campus
|c Joint Library Facility
|d Remote Storage
|t 0
|e QC1 .J413
|h Library of Congress classification
|i unmediated -- volume
|k v.42:no.7-12
|l 1985
|m A14809953079
|
| 952 |
f |
f |
|p ric
|a Texas A&M University
|b Rellis Campus
|c Joint Library Facility
|d Remote Storage
|t 0
|e QC1 .J413
|h Library of Congress classification
|i unmediated -- volume
|k v.34:no.1-6
|l 1981
|m A14809952900
|
| 952 |
f |
f |
|p ric
|a Texas A&M University
|b Rellis Campus
|c Joint Library Facility
|d Remote Storage
|t 0
|e QC1 .J413
|h Library of Congress classification
|i unmediated -- volume
|k v.60:no.1-6
|l 1994
|m A14818838383
|
| 952 |
f |
f |
|p ric
|a Texas A&M University
|b Rellis Campus
|c Joint Library Facility
|d Remote Storage
|t 0
|e QC1 .J413
|h Library of Congress classification
|i unmediated -- volume
|k v.7
|l 1968
|m A14809952586
|
| 952 |
f |
f |
|p ric
|a Texas A&M University
|b Rellis Campus
|c Joint Library Facility
|d Remote Storage
|t 0
|e QC1 .J413
|h Library of Congress classification
|i unmediated -- volume
|k v.11
|l 1970
|m A14809952625
|
| 952 |
f |
f |
|p ric
|a Texas A&M University
|b Rellis Campus
|c Joint Library Facility
|d Remote Storage
|t 0
|e QC1 .J413
|h Library of Congress classification
|i unmediated -- volume
|k v.16
|l 1972
|m A14809952675
|
| 952 |
f |
f |
|p ric
|a Texas A&M University
|b Rellis Campus
|c Joint Library Facility
|d Remote Storage
|t 0
|e QC1 .J413
|h Library of Congress classification
|i unmediated -- volume
|k v.58:no.1-6
|l 1993
|m A14817940551
|
| 952 |
f |
f |
|p ric
|a Texas A&M University
|b Rellis Campus
|c Joint Library Facility
|d Remote Storage
|t 0
|e QC1 .J413
|h Library of Congress classification
|i unmediated -- volume
|k v.21
|l 1975
|m A14809952722
|
| 952 |
f |
f |
|p ric
|a Texas A&M University
|b Rellis Campus
|c Joint Library Facility
|d Remote Storage
|t 0
|e QC1 .J413
|h Library of Congress classification
|i unmediated -- volume
|k v.59:no.7-12
|l 1994
|m A14818446047
|
| 952 |
f |
f |
|p ric
|a Texas A&M University
|b Rellis Campus
|c Joint Library Facility
|d Remote Storage
|t 0
|e QC1 .J413
|h Library of Congress classification
|i unmediated -- volume
|k v.69:no.7-12
|l 1999:Apr.-June
|m A14825386567
|
| 952 |
f |
f |
|p ric
|a Texas A&M University
|b Rellis Campus
|c Joint Library Facility
|d Remote Storage
|t 0
|e QC1 .J413
|h Library of Congress classification
|i unmediated -- volume
|k v.24
|l 1976
|m A14809952756
|
| 952 |
f |
f |
|p ric
|a Texas A&M University
|b Rellis Campus
|c Joint Library Facility
|d Remote Storage
|t 0
|e QC1 .J413
|h Library of Congress classification
|i unmediated -- volume
|k v.36:no.1-6
|l 1982
|m A14809952942
|
| 952 |
f |
f |
|p ric
|a Texas A&M University
|b Rellis Campus
|c Joint Library Facility
|d Remote Storage
|t 0
|e QC1 .J413
|h Library of Congress classification
|i unmediated -- volume
|k v.52:no.7-12:INDEX 51-52
|l 1990
|m A14812959092
|
| 952 |
f |
f |
|p ric
|a Texas A&M University
|b Rellis Campus
|c Joint Library Facility
|d Remote Storage
|t 0
|e QC1 .J413
|h Library of Congress classification
|i unmediated -- volume
|k v.36:no.7-12
|l 1982
|m A14809952950
|
| 952 |
f |
f |
|p ric
|a Texas A&M University
|b Rellis Campus
|c Joint Library Facility
|d Remote Storage
|t 0
|e QC1 .J413
|h Library of Congress classification
|i unmediated -- volume
|k v.1-2
|l 1965
|m A14809952536
|
| 952 |
f |
f |
|p ric
|a Texas A&M University
|b Rellis Campus
|c Joint Library Facility
|d Remote Storage
|t 0
|e QC1 .J413
|h Library of Congress classification
|i unmediated -- volume
|k v.53:no.1-6
|l 1991
|m A14815081644
|
| 952 |
f |
f |
|p ric
|a Texas A&M University
|b Rellis Campus
|c Joint Library Facility
|d Remote Storage
|t 0
|e QC1 .J413
|h Library of Congress classification
|i unmediated -- volume
|k v.57:no.1-6
|l 1993
|m A14817235702
|
| 952 |
f |
f |
|p ric
|a Texas A&M University
|b Rellis Campus
|c Joint Library Facility
|d Remote Storage
|t 0
|e QC1 .J413
|h Library of Congress classification
|i unmediated -- volume
|k v.18
|l 1973
|m A14809952691
|
| 952 |
f |
f |
|p ric
|a Texas A&M University
|b Rellis Campus
|c Joint Library Facility
|d Remote Storage
|t 0
|e QC1 .J413
|h Library of Congress classification
|i unmediated -- volume
|k v.34:no.7-12
|l 1981
|m A14809952918
|
| 952 |
f |
f |
|p ric
|a Texas A&M University
|b Rellis Campus
|c Joint Library Facility
|d Remote Storage
|t 0
|e QC1 .J413
|h Library of Congress classification
|i unmediated -- volume
|k v.72:no.1-6
|l 2000:July10-Nov.15
|m A14827293582
|
| 952 |
f |
f |
|p ric
|a Texas A&M University
|b Rellis Campus
|c Joint Library Facility
|d Remote Storage
|t 0
|e QC1 .J413
|h Library of Congress classification
|i unmediated -- volume
|k v.32:no.7-12
|l 1980
|m A14809952879
|
| 952 |
f |
f |
|p ric
|a Texas A&M University
|b Rellis Campus
|c Joint Library Facility
|d Remote Storage
|t 0
|e QC1 .J413
|h Library of Congress classification
|i unmediated -- volume
|k v.86:no.5-8
|l 2007:Sept.10-Oct.25
|m A14836980683
|
| 952 |
f |
f |
|p ric
|a Texas A&M University
|b Rellis Campus
|c Joint Library Facility
|d Remote Storage
|t 0
|e QC1 .J413
|h Library of Congress classification
|i unmediated -- volume
|k v.77:no.1-6
|l 2003:Jan.10-Mar.25
|m A14830363930
|
| 952 |
f |
f |
|p ric
|a Texas A&M University
|b Rellis Campus
|c Joint Library Facility
|d Remote Storage
|t 0
|e QC1 .J413
|h Library of Congress classification
|i unmediated -- volume
|k v.83:no.5-8
|l 2006:Mar. 10-Apr.25
|m A14834639113
|
| 952 |
f |
f |
|p ric
|a Texas A&M University
|b Rellis Campus
|c Joint Library Facility
|d Remote Storage
|t 0
|e QC1 .J413
|h Library of Congress classification
|i unmediated -- volume
|k v.45:no.1-6
|l 1987
|m A14811386733
|
| 952 |
f |
f |
|p ric
|a Texas A&M University
|b Rellis Campus
|c Joint Library Facility
|d Remote Storage
|t 0
|e QC1 .J413
|h Library of Congress classification
|i unmediated -- volume
|k v.40:no.7-12
|l 1984
|m A14809953037
|
| 952 |
f |
f |
|p ric
|a Texas A&M University
|b Rellis Campus
|c Joint Library Facility
|d Remote Storage
|t 0
|e QC1 .J413
|h Library of Congress classification
|i unmediated -- volume
|k v.69:no.1-6
|l 1999:Jan.-June
|m A14825386339
|
| 952 |
f |
f |
|p ric
|a Texas A&M University
|b Rellis Campus
|c Joint Library Facility
|d Remote Storage
|t 0
|e QC1 .J413
|h Library of Congress classification
|i unmediated -- volume
|k v.35:no.1-6
|l 1982
|m A14809952926
|
| 952 |
f |
f |
|p ric
|a Texas A&M University
|b Rellis Campus
|c Joint Library Facility
|d Remote Storage
|t 0
|e QC1 .J413
|h Library of Congress classification
|i unmediated -- volume
|k v.56:no.1-6
|l 1992
|m A14816135941
|
| 952 |
f |
f |
|p ric
|a Texas A&M University
|b Rellis Campus
|c Joint Library Facility
|d Remote Storage
|t 0
|e QC1 .J413
|h Library of Congress classification
|i unmediated -- volume
|k v.63:no.7-12
|l 1996
|m A14820286720
|
| 952 |
f |
f |
|p ric
|a Texas A&M University
|b Rellis Campus
|c Joint Library Facility
|d Remote Storage
|t 0
|e QC1 .J413
|h Library of Congress classification
|i unmediated -- volume
|k v.71:no.7-12
|l 2000:Apr.10-June25
|m A14827293875
|
| 952 |
f |
f |
|p ric
|a Texas A&M University
|b Rellis Campus
|c Joint Library Facility
|d Remote Storage
|t 0
|e QC1 .J413
|h Library of Congress classification
|i unmediated -- volume
|k v.64:no.7-12:Index:v.63/v.64
|l 1996
|m A14820734781
|
| 952 |
f |
f |
|p ric
|a Texas A&M University
|b Rellis Campus
|c Joint Library Facility
|d Remote Storage
|t 0
|e QC1 .J413
|h Library of Congress classification
|i unmediated -- volume
|k v.83:no.1-4
|l 2006:Jan.10-Feb.25
|m A14834639155
|
| 952 |
f |
f |
|p ric
|a Texas A&M University
|b Rellis Campus
|c Joint Library Facility
|d Remote Storage
|t 0
|e QC1 .J413
|h Library of Congress classification
|i unmediated -- volume
|k v.65:no.7-12
|l 1997
|m A14821973736
|
| 952 |
f |
f |
|p ric
|a Texas A&M University
|b Rellis Campus
|c Joint Library Facility
|d Remote Storage
|t 0
|e QC1 .J413
|h Library of Congress classification
|i unmediated -- volume
|k v.45:no.7-12
|l 1987
|m A14811386783
|
| 952 |
f |
f |
|p ric
|a Texas A&M University
|b Rellis Campus
|c Joint Library Facility
|d Remote Storage
|t 0
|e QC1 .J413
|h Library of Congress classification
|i unmediated -- volume
|k v.58:no.7-12
|l 1993
|m A14817870900
|
| 952 |
f |
f |
|p ric
|a Texas A&M University
|b Rellis Campus
|c Joint Library Facility
|d Remote Storage
|t 0
|e QC1 .J413
|h Library of Congress classification
|i unmediated -- volume
|k v.15
|l 1972
|m A14809952667
|
| 952 |
f |
f |
|p ric
|a Texas A&M University
|b Rellis Campus
|c Joint Library Facility
|d Remote Storage
|t 0
|e QC1 .J413
|h Library of Congress classification
|i unmediated -- volume
|k v.65:no.1-6
|l 1997
|m A14821973639
|
| 952 |
f |
f |
|p ric
|a Texas A&M University
|b Rellis Campus
|c Joint Library Facility
|d Remote Storage
|t 0
|e QC1 .J413
|h Library of Congress classification
|i unmediated -- volume
|k v.81:no.7-9
|l 2005:Apr.10-May 10
|m A14832889932
|
| 952 |
f |
f |
|p ric
|a Texas A&M University
|b Rellis Campus
|c Joint Library Facility
|d Remote Storage
|t 0
|e QC1 .J413
|h Library of Congress classification
|i unmediated -- volume
|k v.84:no.5-8
|l 2006:Sept.10-Oct.25
|m A14835085943
|
| 952 |
f |
f |
|p ric
|a Texas A&M University
|b Rellis Campus
|c Joint Library Facility
|d Remote Storage
|t 0
|e QC1 .J413
|h Library of Congress classification
|i unmediated -- volume
|k v.55:no.1-6
|l 1992
|m A14815690590
|
| 952 |
f |
f |
|p ric
|a Texas A&M University
|b Rellis Campus
|c Joint Library Facility
|d Remote Storage
|t 0
|e QC1 .J413
|h Library of Congress classification
|i unmediated -- volume
|k v.40:no.1-6
|l 1984
|m A14809953029
|
| 952 |
f |
f |
|p ric
|a Texas A&M University
|b Rellis Campus
|c Joint Library Facility
|d Remote Storage
|t 0
|e QC1 .J413
|h Library of Congress classification
|i unmediated -- volume
|k v.35:no.7-12
|l 1982
|m A14809952934
|
| 952 |
f |
f |
|p ric
|a Texas A&M University
|b Rellis Campus
|c Joint Library Facility
|d Remote Storage
|t 0
|e QC1 .J413
|h Library of Congress classification
|i unmediated -- volume
|k v.44:no.1-6
|l 1986:July-Sept.
|m A14839431502
|
| 952 |
f |
f |
|p ric
|a Texas A&M University
|b Rellis Campus
|c Joint Library Facility
|d Remote Storage
|t 0
|e QC1 .J413
|h Library of Congress classification
|i unmediated -- volume
|k v.27
|l 1978
|m A14809952780
|
| 952 |
f |
f |
|p ric
|a Texas A&M University
|b Rellis Campus
|c Joint Library Facility
|d Remote Storage
|t 0
|e QC1 .J413
|h Library of Congress classification
|i unmediated -- volume
|k v.22
|l 1975
|m A14809952730
|
| 952 |
f |
f |
|p ric
|a Texas A&M University
|b Rellis Campus
|c Joint Library Facility
|d Remote Storage
|t 0
|e QC1 .J413
|h Library of Congress classification
|i unmediated -- volume
|k v.33:no.7-12
|l 1981
|m A14809952895
|
| 952 |
f |
f |
|p ric
|a Texas A&M University
|b Rellis Campus
|c Joint Library Facility
|d Remote Storage
|t 0
|e QC1 .J413
|h Library of Congress classification
|i unmediated -- volume
|k v.79:no.7-12
|l 2004:Apr.10-June 25
|m A14831452457
|
| 952 |
f |
f |
|p ric
|a Texas A&M University
|b Rellis Campus
|c Joint Library Facility
|d Remote Storage
|t 0
|e QC1 .J413
|h Library of Congress classification
|i unmediated -- volume
|k v.37:no.1-6
|l 1983
|m A14809952968
|
| 952 |
f |
f |
|p ric
|a Texas A&M University
|b Rellis Campus
|c Joint Library Facility
|d Remote Storage
|t 0
|e QC1 .J413
|h Library of Congress classification
|i unmediated -- volume
|k v.66:no.7-12:Index:65/66
|l 1997
|m A14823275493
|
| 952 |
f |
f |
|p ric
|a Texas A&M University
|b Rellis Campus
|c Joint Library Facility
|d Remote Storage
|t 0
|e QC1 .J413
|h Library of Congress classification
|i unmediated -- volume
|k v.53:no.7-12
|l 1991
|m A14815081694
|
| 952 |
f |
f |
|p ric
|a Texas A&M University
|b Rellis Campus
|c Joint Library Facility
|d Remote Storage
|t 0
|e QC1 .J413
|h Library of Congress classification
|i unmediated -- volume
|k v.50:no.1-6
|l 1989
|m A14812898042
|
| 952 |
f |
f |
|p ric
|a Texas A&M University
|b Rellis Campus
|c Joint Library Facility
|d Remote Storage
|t 0
|e QC1 .J413
|h Library of Congress classification
|i unmediated -- volume
|k v.77:no.7-12
|l 2003:Apr.10-June 25
|m A14832180273
|
| 952 |
f |
f |
|p ric
|a Texas A&M University
|b Rellis Campus
|c Joint Library Facility
|d Remote Storage
|t 0
|e QC1 .J413
|h Library of Congress classification
|i unmediated -- volume
|k v.62:no.1-6
|l 1995
|m A14819986333
|
| 952 |
f |
f |
|p ric
|a Texas A&M University
|b Rellis Campus
|c Joint Library Facility
|d Remote Storage
|t 0
|e QC1 .J413
|h Library of Congress classification
|i unmediated -- volume
|k v.68:no.7-12
|l 1998
|m A14824870458
|
| 952 |
f |
f |
|p ric
|a Texas A&M University
|b Rellis Campus
|c Joint Library Facility
|d Remote Storage
|t 0
|e QC1 .J413
|h Library of Congress classification
|i unmediated -- volume
|k v.84:no.9-12
|l 2006:Nov.10-Dec.25
|m A14836460099
|
| 952 |
f |
f |
|p ric
|a Texas A&M University
|b Rellis Campus
|c Joint Library Facility
|d Remote Storage
|t 0
|e QC1 .J413
|h Library of Congress classification
|i unmediated -- volume
|k v.28:no.1-6
|l 1978
|m A14809952798
|
| 952 |
f |
f |
|p ric
|a Texas A&M University
|b Rellis Campus
|c Joint Library Facility
|d Remote Storage
|t 0
|e QC1 .J413
|h Library of Congress classification
|i unmediated -- volume
|k v.17
|l 1973
|m A14809952683
|
| 952 |
f |
f |
|p ric
|a Texas A&M University
|b Rellis Campus
|c Joint Library Facility
|d Remote Storage
|t 0
|e QC1 .J413
|h Library of Congress classification
|i unmediated -- volume
|k v.73:no.7-12
|l 2001:Apr.-June
|m A14828193905
|
| 952 |
f |
f |
|p ric
|a Texas A&M University
|b Rellis Campus
|c Joint Library Facility
|d Remote Storage
|t 0
|e QC1 .J413
|h Library of Congress classification
|i unmediated -- volume
|k v.82:no.1-4
|l 2005:July 10-Sept. 10
|m A14833465367
|
| 952 |
f |
f |
|p ric
|a Texas A&M University
|b Rellis Campus
|c Joint Library Facility
|d Remote Storage
|t 0
|e QC1 .J413
|h Library of Congress classification
|i unmediated -- volume
|k v.59:no.1-6
|l 1994
|m A14818446097
|
| 952 |
f |
f |
|p ric
|a Texas A&M University
|b Rellis Campus
|c Joint Library Facility
|d Remote Storage
|t 0
|e QC1 .J413
|h Library of Congress classification
|i unmediated -- volume
|k v.84:no.1-4
|l 2006:July 10-Aug.25
|m A14835085901
|
| 952 |
f |
f |
|p ric
|a Texas A&M University
|b Rellis Campus
|c Joint Library Facility
|d Remote Storage
|t 0
|e QC1 .J413
|h Library of Congress classification
|i unmediated -- volume
|k v.79:no.1-6
|l 2004:Jan.10-Mar. 25
|m A14832207716
|
| 952 |
f |
f |
|p ric
|a Texas A&M University
|b Rellis Campus
|c Joint Library Facility
|d Remote Storage
|t 0
|e QC1 .J413
|h Library of Congress classification
|i unmediated -- volume
|k v.70:no.7-12
|l 1999:Oct.-Dec
|m A14826416975
|
| 952 |
f |
f |
|p ric
|a Texas A&M University
|b Rellis Campus
|c Joint Library Facility
|d Remote Storage
|t 0
|e QC1 .J413
|h Library of Congress classification
|i unmediated -- volume
|k v.75:no.1-6
|l 2002:Jan.10-Mar.25
|m A14830358838
|
| 952 |
f |
f |
|p ric
|a Texas A&M University
|b Rellis Campus
|c Joint Library Facility
|d Remote Storage
|t 0
|e QC1 .J413
|h Library of Congress classification
|i unmediated -- volume
|k v.81:no.1-6
|l 2005:Jan.10-Mar.25
|m A14832864055
|
| 952 |
f |
f |
|p ric
|a Texas A&M University
|b Rellis Campus
|c Joint Library Facility
|d Remote Storage
|t 0
|e QC1 .J413
|h Library of Congress classification
|i unmediated -- volume
|k v.37:no.7-12
|l 1983
|m A14809952976
|
| 952 |
f |
f |
|p ric
|a Texas A&M University
|b Rellis Campus
|c Joint Library Facility
|d Remote Storage
|t 0
|e QC1 .J413
|h Library of Congress classification
|i unmediated -- volume
|k v.85:no.1-6
|l 2007:Jan.10-Mar.25
|m A14836460413
|
| 952 |
f |
f |
|p ric
|a Texas A&M University
|b Rellis Campus
|c Joint Library Facility
|d Remote Storage
|t 0
|e QC1 .J413
|h Library of Congress classification
|i unmediated -- volume
|k v.80:no.1-6
|l 2004:July 10-Sept.25
|m A14833671798
|
| 952 |
f |
f |
|p ric
|a Texas A&M University
|b Rellis Campus
|c Joint Library Facility
|d Remote Storage
|t 0
|e QC1 .J413
|h Library of Congress classification
|i unmediated -- volume
|k v.78:no.1-6
|l 2003:July 10-Sept.25
|m A14832180231
|
| 952 |
f |
f |
|p ric
|a Texas A&M University
|b Rellis Campus
|c Joint Library Facility
|d Remote Storage
|t 0
|e QC1 .J413
|h Library of Congress classification
|i unmediated -- volume
|k v.4
|l 1966
|m A14809952552
|
| 952 |
f |
f |
|p ric
|a Texas A&M University
|b Rellis Campus
|c Joint Library Facility
|d Remote Storage
|t 0
|e QC1 .J413
|h Library of Congress classification
|i unmediated -- volume
|k v.88:no.9-12
|l 2008:Nov.10-Dec.25
|m A14838987738
|
| 952 |
f |
f |
|p ric
|a Texas A&M University
|b Rellis Campus
|c Joint Library Facility
|d Remote Storage
|t 0
|e QC1 .J413
|h Library of Congress classification
|i unmediated -- volume
|k v.23
|l 1976
|m A14809952748
|
| 952 |
f |
f |
|p ric
|a Texas A&M University
|b Rellis Campus
|c Joint Library Facility
|d Remote Storage
|t 0
|e QC1 .J413
|h Library of Congress classification
|i unmediated -- volume
|k v.48:no.7-12
|l 1988
|m A14811840761
|
| 952 |
f |
f |
|p ric
|a Texas A&M University
|b Rellis Campus
|c Joint Library Facility
|d Remote Storage
|t 0
|e QC1 .J413
|h Library of Congress classification
|i unmediated -- volume
|k v.49:no.1-6
|l 1989
|m A14812088605
|
| 952 |
f |
f |
|p ric
|a Texas A&M University
|b Rellis Campus
|c Joint Library Facility
|d Remote Storage
|t 0
|e QC1 .J413
|h Library of Congress classification
|i unmediated -- volume
|k v.43:no.7-12
|l 1986
|m A14811217031
|
| 952 |
f |
f |
|p ric
|a Texas A&M University
|b Rellis Campus
|c Joint Library Facility
|d Remote Storage
|t 0
|e QC1 .J413
|h Library of Congress classification
|i unmediated -- volume
|k v.63:no.1-6
|l 1996
|m A14820286673
|
| 952 |
f |
f |
|p ric
|a Texas A&M University
|b Rellis Campus
|c Joint Library Facility
|d Remote Storage
|t 0
|e QC1 .J413
|h Library of Congress classification
|i unmediated -- volume
|k v.28:no.7-12
|l 1978
|m A14809952803
|
| 952 |
f |
f |
|p ric
|a Texas A&M University
|b Rellis Campus
|c Joint Library Facility
|d Remote Storage
|t 0
|e QC1 .J413
|h Library of Congress classification
|i unmediated -- volume
|k v.39:no.7-12
|l 1984
|m A14809953011
|
| 952 |
f |
f |
|p ric
|a Texas A&M University
|b Rellis Campus
|c Joint Library Facility
|d Remote Storage
|t 0
|e QC1 .J413
|h Library of Congress classification
|i unmediated -- volume
|k v.33:no.1-6
|l 1981
|m A14809952887
|
| 952 |
f |
f |
|p ric
|a Texas A&M University
|b Rellis Campus
|c Joint Library Facility
|d Remote Storage
|t 0
|e QC1 .J413
|h Library of Congress classification
|i unmediated -- volume
|k v.19
|l 1974
|m A14809952706
|
| 952 |
f |
f |
|p ric
|a Texas A&M University
|b Rellis Campus
|c Joint Library Facility
|d Remote Storage
|t 0
|e QC1 .J413
|h Library of Congress classification
|i unmediated -- volume
|k v.82:no.5-8
|l 2005:Sept.10-Oct.25
|m A14833465406
|
| 952 |
f |
f |
|p ric
|a Texas A&M University
|b Rellis Campus
|c Joint Library Facility
|d Remote Storage
|t 0
|e QC1 .J413
|h Library of Congress classification
|i unmediated -- volume
|k v.14
|l 1971
|m A14809952659
|
| 952 |
f |
f |
|p ric
|a Texas A&M University
|b Rellis Campus
|c Joint Library Facility
|d Remote Storage
|t 0
|e QC1 .J413
|h Library of Congress classification
|i unmediated -- volume
|k v.46:no.1-6
|l 1987
|m A14811641947
|
| 952 |
f |
f |
|p ric
|a Texas A&M University
|b Rellis Campus
|c Joint Library Facility
|d Remote Storage
|t 0
|e QC1 .J413
|h Library of Congress classification
|i unmediated -- volume
|k v.47:no.1-6
|l 1988
|m A14811735877
|
| 952 |
f |
f |
|p ric
|a Texas A&M University
|b Rellis Campus
|c Joint Library Facility
|d Remote Storage
|t 0
|e QC1 .J413
|h Library of Congress classification
|i unmediated -- volume
|k v.47:no.7-12
|l 1988
|m A14811735827
|
| 952 |
f |
f |
|p ric
|a Texas A&M University
|b Rellis Campus
|c Joint Library Facility
|d Remote Storage
|t 0
|e QC1 .J413
|h Library of Congress classification
|i unmediated -- volume
|k v.88:no.5-6,8
|l 2008:Sept.10-25, Oct.25
|m A14838824299
|
| 952 |
f |
f |
|p ric
|a Texas A&M University
|b Rellis Campus
|c Joint Library Facility
|d Remote Storage
|t 0
|e QC1 .J413
|h Library of Congress classification
|i unmediated -- volume
|k v.55:no.7-12
|l 1992
|m A14816089051
|
| 952 |
f |
f |
|p ric
|a Texas A&M University
|b Rellis Campus
|c Joint Library Facility
|d Remote Storage
|t 0
|e QC1 .J413
|h Library of Congress classification
|i unmediated -- volume
|k v.26
|l 1977
|m A14809952772
|
| 952 |
f |
f |
|p ric
|a Texas A&M University
|b Rellis Campus
|c Joint Library Facility
|d Remote Storage
|t 0
|e QC1 .J413
|h Library of Congress classification
|i unmediated -- volume
|k v.74:no.1-6
|l 2001:July-Sept.
|m A14828600635
|
| 952 |
f |
f |
|p ric
|a Texas A&M University
|b Rellis Campus
|c Joint Library Facility
|d Remote Storage
|t 0
|e QC1 .J413
|h Library of Congress classification
|i unmediated -- volume
|k v.38:no.7-12
|l 1983
|m A14809952992
|
| 952 |
f |
f |
|p ric
|a Texas A&M University
|b Rellis Campus
|c Joint Library Facility
|d Remote Storage
|t 0
|e QC1 .J413
|h Library of Congress classification
|i unmediated -- volume
|k v.67:no.7-12
|l 1998
|m A14823644985
|
| 952 |
f |
f |
|p ric
|a Texas A&M University
|b Rellis Campus
|c Joint Library Facility
|d Remote Storage
|t 0
|e QC1 .J413
|h Library of Congress classification
|i unmediated -- volume
|k v.86:no.9-11
|l 2007:Nov.10-Dec.10
|m A14836980722
|
| 952 |
f |
f |
|p ric
|a Texas A&M University
|b Rellis Campus
|c Joint Library Facility
|d Remote Storage
|t 0
|e QC1 .J413
|h Library of Congress classification
|i unmediated -- volume
|k v.43:no.1-6
|l 1986:Jan.-Mar.
|m A14839431497
|
| 952 |
f |
f |
|p ric
|a Texas A&M University
|b Rellis Campus
|c Joint Library Facility
|d Remote Storage
|t 0
|e QC1 .J413
|h Library of Congress classification
|i unmediated -- volume
|k v.72:no.7-12
|l 2000:Oct.10-Dec.25
|m A14827949858
|
| 952 |
f |
f |
|p ric
|a Texas A&M University
|b Rellis Campus
|c Joint Library Facility
|d Remote Storage
|t 0
|e QC1 .J413
|h Library of Congress classification
|i unmediated -- volume
|k v.29
|l 1979
|m A14809952811
|
| 952 |
f |
f |
|p ric
|a Texas A&M University
|b Rellis Campus
|c Joint Library Facility
|d Remote Storage
|t 0
|e QC1 .J413
|h Library of Congress classification
|i unmediated -- volume
|k v.61:no.1-6
|l 1995
|m A14819398035
|
| 952 |
f |
f |
|p ric
|a Texas A&M University
|b Rellis Campus
|c Joint Library Facility
|d Remote Storage
|t 0
|e QC1 .J413
|h Library of Congress classification
|i unmediated -- volume
|k v.88:no.1-4
|l 2008:July-Oct.
|m A14839431510
|
| 952 |
f |
f |
|p ric
|a Texas A&M University
|b Rellis Campus
|c Joint Library Facility
|d Remote Storage
|t 0
|e QC1 .J413
|h Library of Congress classification
|i unmediated -- volume
|k v.41:no.7-12
|l 1985
|m A14809953053
|
| 952 |
f |
f |
|p ric
|a Texas A&M University
|b Rellis Campus
|c Joint Library Facility
|d Remote Storage
|t 0
|e QC1 .J413
|h Library of Congress classification
|i unmediated -- volume
|k v.41:no.1-6
|l 1985
|m A14809953045
|
| 952 |
f |
f |
|p ric
|a Texas A&M University
|b Rellis Campus
|c Joint Library Facility
|d Remote Storage
|t 0
|e QC1 .J413
|h Library of Congress classification
|i unmediated -- volume
|k v.5
|l 1967
|m A14809952560
|
| 952 |
f |
f |
|p ric
|a Texas A&M University
|b Rellis Campus
|c Joint Library Facility
|d Remote Storage
|t 0
|e QC1 .J413
|h Library of Congress classification
|i unmediated -- volume
|k v.76:no.7-12
|l 2002:Oct.10-Dec.10
|m A14830363972
|
| 952 |
f |
f |
|p ric
|a Texas A&M University
|b Rellis Campus
|c Joint Library Facility
|d Remote Storage
|t 0
|e QC1 .J413
|h Library of Congress classification
|i unmediated -- volume
|k v.70:no.1-6
|l 1999:July-Sept.
|m A14825980141
|
| 952 |
f |
f |
|p ric
|a Texas A&M University
|b Rellis Campus
|c Joint Library Facility
|d Remote Storage
|t 0
|e QC1 .J413
|h Library of Congress classification
|i unmediated -- volume
|k v.61:no.7-12
|l 1995
|m A14819397982
|
| 952 |
f |
f |
|p ric
|a Texas A&M University
|b Rellis Campus
|c Joint Library Facility
|d Remote Storage
|t 0
|e QC1 .J413
|h Library of Congress classification
|i unmediated -- volume
|k v.71:no.1-6
|l 2000:Jan.10-Mar.25
|m A14827293469
|
| 952 |
f |
f |
|p ric
|a Texas A&M University
|b Rellis Campus
|c Joint Library Facility
|d Remote Storage
|t 0
|e QC1 .J413
|h Library of Congress classification
|i unmediated -- volume
|k v.85:no.7-12
|l 2007:Apr.10-June 25
|m A14836460374
|
| 952 |
f |
f |
|p ric
|a Texas A&M University
|b Rellis Campus
|c Joint Library Facility
|d Remote Storage
|t 0
|e QC1 .J413
|h Library of Congress classification
|i unmediated -- volume
|k v.3
|l 1966
|m A14809952544
|
| 952 |
f |
f |
|p ric
|a Texas A&M University
|b Rellis Campus
|c Joint Library Facility
|d Remote Storage
|t 0
|e QC1 .J413
|h Library of Congress classification
|i unmediated -- volume
|k v.75:no.7-12
|l 2002:Apr.10-June 25
|m A14830364059
|
| 952 |
f |
f |
|p ric
|a Texas A&M University
|b Rellis Campus
|c Joint Library Facility
|d Remote Storage
|t 0
|e QC1 .J413
|h Library of Congress classification
|i unmediated -- volume
|k v.87:no.4-6
|l 2008:Feb.25-Mar. 25
|m A14834736826
|
| 952 |
f |
f |
|p ric
|a Texas A&M University
|b Rellis Campus
|c Joint Library Facility
|d Remote Storage
|t 0
|e QC1 .J413
|h Library of Congress classification
|i unmediated -- volume
|k v.31:no.1-6
|l 1980
|m A14809952845
|
| 952 |
f |
f |
|p ric
|a Texas A&M University
|b Rellis Campus
|c Joint Library Facility
|d Remote Storage
|t 0
|e QC1 .J413
|h Library of Congress classification
|i unmediated -- volume
|k v.74:no.7-12
|l 2001:Oct.-Dec.
|m A14828600596
|
| 952 |
f |
f |
|p ric
|a Texas A&M University
|b Rellis Campus
|c Joint Library Facility
|d Remote Storage
|t 0
|e QC1 .J413
|h Library of Congress classification
|i unmediated -- volume
|k v.10
|l 1969
|m A14809952617
|
| 952 |
f |
f |
|p ric
|a Texas A&M University
|b Rellis Campus
|c Joint Library Facility
|d Remote Storage
|t 0
|e QC1 .J413
|h Library of Congress classification
|i unmediated -- volume
|k v.9
|l 1969
|m A14809952609
|
| 952 |
f |
f |
|p ric
|a Texas A&M University
|b Rellis Campus
|c Joint Library Facility
|d Remote Storage
|t 0
|e QC1 .J413
|h Library of Congress classification
|i unmediated -- volume
|k v.76:no.1-6
|l 2002:July 10-Sept.25
|m A14830364017
|
| 952 |
f |
f |
|p ric
|a Texas A&M University
|b Rellis Campus
|c Joint Library Facility
|d Remote Storage
|t 0
|e QC1 .J413
|h Library of Congress classification
|i unmediated -- volume
|k v.78:no.7-12
|l 2003:Oct.10-Dec. 25
|m A14832207758
|
| 952 |
f |
f |
|p ric
|a Texas A&M University
|b Rellis Campus
|c Joint Library Facility
|d Remote Storage
|t 0
|e QC1 .J413
|h Library of Congress classification
|i unmediated -- volume
|k v.82:no.9-12
|l 2005:Nov.10-Dec. 25
|m A14834639074
|
| 952 |
f |
f |
|p ric
|a Texas A&M University
|b Rellis Campus
|c Joint Library Facility
|d Remote Storage
|t 0
|e QC1 .J413
|h Library of Congress classification
|i unmediated -- volume
|k v.56:no.7-12
|l 1992
|m A14816124071
|
| 952 |
f |
f |
|p ric
|a Texas A&M University
|b Rellis Campus
|c Joint Library Facility
|d Remote Storage
|t 0
|e QC1 .J413
|h Library of Congress classification
|i unmediated -- volume
|k v.67:no.1-6
|l 1998
|m A14823645038
|
| 952 |
f |
f |
|p ric
|a Texas A&M University
|b Rellis Campus
|c Joint Library Facility
|d Remote Storage
|t 0
|e QC1 .J413
|h Library of Congress classification
|i unmediated -- volume
|k v.51:no.7-12
|l 1990:Apr.-June
|m A14812932228
|
| 952 |
f |
f |
|p ric
|a Texas A&M University
|b Rellis Campus
|c Joint Library Facility
|d Remote Storage
|t 0
|e QC1 .J413
|h Library of Congress classification
|i unmediated -- volume
|k v.13
|l 1971
|m A14809952641
|
| 952 |
f |
f |
|p ric
|a Texas A&M University
|b Rellis Campus
|c Joint Library Facility
|d Remote Storage
|t 0
|e QC1 .J413
|h Library of Congress classification
|i unmediated -- volume
|k v.20
|l 1974
|m A14809952714
|
| 952 |
f |
f |
|p ric
|a Texas A&M University
|b Rellis Campus
|c Joint Library Facility
|d Remote Storage
|t 0
|e QC1 .J413
|h Library of Congress classification
|i unmediated -- volume
|k v.54:no.1-6
|l 1991
|m A14815671554
|
| 952 |
f |
f |
|p ric
|a Texas A&M University
|b Rellis Campus
|c Joint Library Facility
|d Remote Storage
|t 0
|e QC1 .J413
|h Library of Congress classification
|i unmediated -- volume
|k v.32:no.1-6
|l 1980
|m A14809952861
|
| 952 |
f |
f |
|p ric
|a Texas A&M University
|b Rellis Campus
|c Joint Library Facility
|d Remote Storage
|t 0
|e QC1 .J413
|h Library of Congress classification
|i unmediated -- volume
|k v.73:no.1-6
|l 2001:Jan.10-Mar.25
|m A14827950053
|
| 952 |
f |
f |
|p ric
|a Texas A&M University
|b Rellis Campus
|c Joint Library Facility
|d Remote Storage
|t 0
|e QC1 .J413
|h Library of Congress classification
|i unmediated -- volume
|k v.30:no.7-12
|l 1979
|m A14809952837
|
| 952 |
f |
f |
|p ric
|a Texas A&M University
|b Rellis Campus
|c Joint Library Facility
|d Remote Storage
|t 0
|e QC1 .J413
|h Library of Congress classification
|i unmediated -- volume
|k v.52:no.1-6
|l 1990
|m A14814652905
|
| 952 |
f |
f |
|p ric
|a Texas A&M University
|b Rellis Campus
|c Joint Library Facility
|d Remote Storage
|t 0
|e QC1 .J413
|h Library of Congress classification
|i unmediated -- volume
|k v.42:no.1-6
|l 1985
|m A14809953061
|
| 952 |
f |
f |
|p ric
|a Texas A&M University
|b Rellis Campus
|c Joint Library Facility
|d Remote Storage
|t 0
|e QC1 .J413
|h Library of Congress classification
|i unmediated -- volume
|k v.87:no.10-12
|l 2008:May 25- June 25
|m A14834747136
|
| 952 |
f |
f |
|p ric
|a Texas A&M University
|b Rellis Campus
|c Joint Library Facility
|d Remote Storage
|t 0
|e QC1 .J413
|h Library of Congress classification
|i unmediated -- volume
|k v.57:no.7-12
|l 1993
|m A14817235655
|
| 952 |
f |
f |
|p ric
|a Texas A&M University
|b Rellis Campus
|c Joint Library Facility
|d Remote Storage
|t 0
|e QC1 .J413
|h Library of Congress classification
|i unmediated -- volume
|k v.68:no.1-6
|l 1998
|m A14824870296
|
| 952 |
f |
f |
|p ric
|a Texas A&M University
|b Rellis Campus
|c Joint Library Facility
|d Remote Storage
|t 0
|e QC1 .J413
|h Library of Congress classification
|i unmediated -- volume
|k v.81:no.10-12
|l 2005:May 25-June 25
|m A14832886617
|
| 998 |
f |
f |
|a QC1 .J413
|s v.88:no.1-6,8-12 (2008:July 10-Sept.25, Oct.25-Dec.25)
|t 0
|l Remote Storage
|